000 02193nam a22001577a 4500
041 _aukr
080 _a09
090 _bШАП
100 _aШапран Н. В.
245 _aКомпліментарні висловловлювання у сучасній англійській мові
260 _aОстрог
_bКАФ
_c2004
300 _a86
520 _aРозділ 1. Структурно-семантичні особливості компліментарних висловлювань 1.1. Особливості загальнокомпліментарних висловлювань, що характеризують адресата 1.2. Класифікація частковокомпліментарних висловлювань, що характеризують адресата Розділ 2. Функціональні особливості компліментарних висловлювань 2.1. Основна соціальна функція компліментарних висловлювань 2.2. Вплив соціальних факторів на функціонування компліментарних висловлювань 2.2.1. Непрямі компліментарні висловлювання 2.2.2. Образні компліментарні висловлювання 2.2.3. Компліментарні висловлювання з меншим ступенем категоричності 2.3. Функції компліментарних висловлювань у дискурсі 2.3.1. Привітання 2.3.2. Прощання 2.3.3. Вдячність 2.3.4. Згода 2.3.5. Заохочення 2.3.6. Схвалення 2.3.7. Компліментарні висловлювання як засіб вираження іронії 2.3.8. Компліментарні висловлювання як засіб вираження лестощів 2.3.9. Ініціативні та респонсивні компліментарні висловлювання
_0Лексикологія, компліментарні висловлювання
650 _aResearch Papers
999 _c282526
_d282526
942 _cBK